| 000 | 00832 a2200205 4500 | ||
|---|---|---|---|
| 003 | Nust | ||
| 005 | 20221103182507.0 | ||
| 010 | _a 74152893 | ||
| 020 | _a0333233859 | ||
| 040 | _cNust | ||
| 082 | 0 | 0 | _a621.3192,WIL |
| 100 | 1 |
_aWilliams, G. _9102358 |
|
| 245 | 1 | 3 | _aAn introduction to electrical circuit theory / |
| 260 |
_a[London] _bMacmillan _c[1973] |
||
| 300 |
_ax, 209 p. _billus. _c24 cm. |
||
| 505 | _aBasic Definition and Circuits Laws (Page-1), Methods of Analysis and Networks Theorems (Page-18), The Circuit Elements of Capacitance and Inductance (Page-61), Transient Response of First-and Second-Order (Page-77), Steady-State Sinusoidal Response of Networks (Page-110), Networks Analysis Techniques (Page-164). | ||
| 650 | 0 |
_aElectric circuits. _910997 |
|
| 650 | 0 |
_aElectric networks. _941311 |
|
| 942 |
_2ddc _cBK |
||
| 999 |
_c188955 _d188955 |
||